Relational leadership : (Record no. 3426)
[ view plain ]
| 000 -LEADER | |
|---|---|
| fixed length control field | 01199cam a2200313Ia 4500 |
| 001 - CONTROL NUMBER | |
| control field | 269663 |
| 003 - CONTROL NUMBER IDENTIFIER | |
| control field | GBCCL |
| 005 - DATE AND TIME OF LATEST TRANSACTION | |
| control field | 20241126110454.0 |
| 008 - FIXED-LENGTH DATA ELEMENTS--GENERAL INFORMATION | |
| fixed length control field | 130129s2009 ilua b 001 0 eng d |
| 020 ## - INTERNATIONAL STANDARD BOOK NUMBER | |
| International Standard Book Number | 8173623554 |
| 020 ## - INTERNATIONAL STANDARD BOOK NUMBER | |
| International Standard Book Number | 0830857443 |
| 035 ## - SYSTEM CONTROL NUMBER | |
| System control number | (OCoLC)ocn825813104 |
| 035 ## - SYSTEM CONTROL NUMBER | |
| System control number | (OCoLC)825813104 |
| Canceled/invalid control number | (OCoLC)772103892 |
| 040 ## - CATALOGING SOURCE | |
| Original cataloging agency | OOY |
| Transcribing agency | OOY |
| Modifying agency | BTCTA |
| -- | BDX |
| -- | CVN |
| -- | YDXCP |
| -- | LBB |
| 049 ## - | |
| -- | LBBK |
| -- | LBBC |
| 050 04 - | |
| -- | BF637.L4 |
| -- | W7 2009 |
| 082 04 - DEWEY DECIMAL CLASSIFICATION NUMBER | |
| Classification number | 262.1 |
| -- | 158.4 |
| Edition information | 21 |
| Item number | WRI |
| 090 ## - LOCALLY ASSIGNED LC-TYPE CALL NUMBER (OCLC); LOCAL CALL NUMBER (RLIN) | |
| Classification number (OCLC) (R) ; Classification number, CALL (RLIN) (NR) | BF637.L4 |
| Local cutter number (OCLC) ; Book number/undivided call number, CALL (RLIN) | W7 2009 |
| 100 1# - MAIN ENTRY--PERSONAL NAME | |
| Personal name | Wright, Walter C. |
| Fuller form of name | (Walter Clifford), |
| Dates associated with a name | 1942- |
| 9 (RLIN) | 6965 |
| 245 10 - TITLE STATEMENT | |
| Title | Relational leadership : |
| Remainder of title | a biblical model for influence and service / |
| Statement of responsibility, etc. | Walter C. Wright, Jr. |
| 250 ## - EDITION STATEMENT | |
| Edition statement | Indian ed. |
| 260 ## - PUBLICATION, DISTRIBUTION, ETC. | |
| Place of publication, distribution, etc. | Secunderabad : |
| Name of publisher, distributor, etc. | OM Books, |
| Date of publication, distribution, etc. | 2003. |
| 300 ## - PHYSICAL DESCRIPTION | |
| Extent | 216 p. : |
| Other physical details | ill. ; |
| Dimensions | 23 cm. |
| 504 ## - BIBLIOGRAPHY, ETC. NOTE | |
| Bibliography, etc. note | Includes bibliographical references and index. |
| 505 0# - FORMATTED CONTENTS NOTE | |
| Formatted contents note | 1. The theology of servant leadership -- 2. The servant leader -- 3. Vision and hope -- 4. Influencing with values -- 5. Influencing through relationships -- 6. Influencing with accountability. |
| 650 #0 - SUBJECT ADDED ENTRY--TOPICAL TERM | |
| Topical term or geographic name entry element | Leadership |
| General subdivision | Biblical teaching. |
| 9 (RLIN) | 6966 |
| 650 #0 - SUBJECT ADDED ENTRY--TOPICAL TERM | |
| Topical term or geographic name entry element | Leadership |
| General subdivision | Religious aspects. |
| 9 (RLIN) | 3088 |
| 942 ## - ADDED ENTRY ELEMENTS (KOHA) | |
| Source of classification or shelving scheme | Dewey Decimal Classification |
| Koha item type | Books |
| Koha issues (borrowed), all copies | 6 |
| Withdrawn status | Lost status | Source of classification or shelving scheme | Damaged status | Not for loan | Home library | Current Library | Shelving location | Date acquired | Total checkouts | Full call number | Barcode | Date last seen | Date last checked out | Copy number | Price effective from | Koha item type |
|---|---|---|---|---|---|---|---|---|---|---|---|---|---|---|---|---|
| Dewey Decimal Classification | GRACE BIBLE COLLEGE | GRACE BIBLE COLLEGE | Ministry & Mission | 2017-11-28 | 6 | 262.1 WRI | 006800 | 2025-05-01 | 2024-09-26 | c.1 | 2017-11-28 | Books |